[Event "Ruhrgebiet VK1 0910"]
[Site "Ruhrgebiet"]
[Date "2010.02.21"]
[Round "7.3"]
[White "Mundorf, Johannes"]
[Black "Bakhmatov, Eduard"]
[Result "1-0"]
[WhiteElo "1796"]
[BlackElo "2312"]
[PlyCount "131"]
[EventDate "2009.09.06"]
[EventType "team"]
[EventRounds "9"]
[EventCountry "GER"]
[SourceTitle "EXT 2011"]
[Source "ChessBase"]
[SourceDate "2010.11.26"]
[SourceVersion "1"]
[SourceVersionDate "2010.11.26"]
[SourceQuality "1"]
[WhiteTeam "Muelheim Nord III"]
[BlackTeam "Hattingen"]
[WhiteTeamCountry "GER"]
[BlackTeamCountry "GER"]

1. d4 Nf6 2. Nf3 g6 3. g3 Bg7 4. Bg2 0-0 5. 0-0 d6 6. b3 e5 7. dxe5 Ng4 8. Bb2 Nc6 9. c4 Ngxe5 10. Qd2 Be6 11. Nxe5 dxe5 12. Bxc6 bxc6 13. Qxd8 Rfxd8 14. Bc3 f5 15. Na3 Rd7 16. Rfd1 Rad8 17. Rxd7 Rxd7 18. Kf1 h5 19. Nc2 c5 20. Ke1 g5 21. Rd1 Rxd1+ 22. Kxd1 Kf7 23. Ne1 e4 24. Bxg7 Kxg7 25. Ng2 Kf6 26. h4 gxh4 27. gxh4 Ke5 28. e3 Bf7 29. Nf4 c6 30. Kc2 Kd6 31. Kb2 Kc7 32. Ka3 Kb6 33. Ne2 Kc7 34. Nc3 Bg6 35. Ka4 Kb6 36. Ne2 Be8 37. Nf4 Bf7 38. Nh3 Be6 39. Ka3 Kc7 40. Kb2 Kd6 41. Nf4 Bf7 42. Kc1 Ke5 43. Kd2 Kd6 44. Ke2 Ke5 45. Kf1 Kd6 46. Kg2 a5 47. Kg3 a4 48. Ne2 axb3 49. axb3 Ke5 50. f3 Bg6 51. f4+ Kd6 52. Nc3 Kc7 53. Na4 Kb7 54. Nxc5+ Kb6 55. b4 Bf7 56. Nd7+ Ka6 57. Ne5 Be8 58. Kf2 Kb6 59. Ke2 Kc7 60. Kd2 Kd6 61. Kc3 Ke6 62. Kb3 Kd6 63. Ka4 Kc7 64. Ka5 Kb7 65. c5 Kc7 66. Ka6 1-0